000 00787nam a2200253 a 4500
001 70008
003 BD-RjUL
005 20211209081944.0
008 170415s2004 enka|||| |||| 00| 0 eng d
035 _a(BD-RjUL)70220
040 _aBD-RjUL
_beng
_cBD-RjUL
041 _aeng
082 _223
_a515.35
_bBAD 2004
100 1 0 _aBorrelli, Bobert L
_9207360
245 1 0 _aDifferential equations :
_ba modeling perspective /
_cRobert L Borrelli and Courtney S Coleman
246 _b2nd ed.
260 _aLondon :
_bWilly,
_cc2004.
300 _avii, 375 p. :
_bill. ;
_c24 cm.
490 0 _astudents resourse manual to accompany
650 _aDifferential equations.
_9207361
650 _aMathematical modeling
_9207362
700 _aColeman, Courtney S
_9205962
942 _2ddc
_cBK
999 _c70008
_d70008